000 00736nam a2200277Ia 4500
003 OSt
005 20221005060106.0
006 a|||||r|||| 00| 0
007 ta
008 221004b |||||||| |||| 00| 0 eng d
020 _a09765701X
024 _a18322
037 _cTextual
040 _aCRL
_cCRL
_beng
041 _2eng
_aeng
082 _a3, M1
100 _aHull Raymond
_9599359
245 0 _aHow to write How to books and articles
260 _aLondon
_bPoplar Press Limited UK
_c1981
300 _a204p
_ccm.
650 _a DISSERTATIONS WRITING
_9567405
650 _a PRINTING - STYLE MANUALS
650 _aRESEARCH METHODS
942 _h3, M1
_cTEXL
_2cc
999 _c966177
_d966177